Complete the Card - Wrestlemania II - Statistics

General Stats
  • This quiz has been taken 9 times
  • The average score is 16 of 27
Answer Stats
Singles Match % Correct
Andre The Giant
100%
Hulk Hogan
100%
King Kong Bundy
100%
Mr. T
100%
Roddy Piper
100%
Macho Man Randy Savage
89%
Nikolai Volkoff
78%
Ricky Steamboat
78%
Tito Santana
78%
British Beefcake
67%
George The Animal Steele
67%
Greg Valentine
67%
Jake Roberts
67%
Paul Orndorff
67%
Davey Boy Smith
56%
Dynamite Kid
56%
Junkyard Dog
56%
Fabulous Moolah
44%
The Magnificent Muraco
44%
Adrian Adonis
33%
Corporal Kirchner
33%
George Wells
33%
Velvet Mcintyre
33%
Hoss Funk
22%
Terry Funk
22%
Hercules Hernandez
11%
Uncle Elmer
11%
No matching quizzes found
Score Distribution
Percent of People with Each Score
Percentile by Number Answered
Your Score History
You have not taken this quiz